[Event "1st Masters"]
[Site "Malmo SWE"]
[Date "2003.07.28"]
[Round "1"]
[White "Hellsten,J"]
[Black "Tairi,F"]
[Result "1-0"]
[WhiteElo "2511"]
[BlackElo "2245"]
[EventDate "2003.07.28"]

1. d4 Nf6 2. c4 g6 3. Nc3 Bg7 4. Bg5 O-O 5. e4 d6 6. Qd2 Nbd7 7. f3 a6 8.
Nh3 c6 9. Rd1 Qa5 10. Nf2 b5 11. a3 Rb8 12. cxb5 axb5 13. Be2 b4 14. axb4
Qxb4 15. Nd3 Qxd4 16. Be3 Qc4 17. Ne5 Nxe5 18. Bxc4 Nxc4 19. Qe2 Be6 20.
Bc1 Rb3 21. f4 Nb6 22. O-O Nfd7 23. Be3 Rb4 24. Qf2 c5 25. h3 Nc4 26. Bc1
Ncb6 27. Rfe1 Bb3 28. Rd3 Bc4 29. Rf3 e6 30. Kh1 Bb3 31. Nb1 Ba2 32. Nd2 c4
33. Ra3 Bb3 34. Nxb3 cxb3 35. Bd2 Rb5 36. Qe2 Bxb2 37. Qxb5 Bxa3 38. Qxb3
Bc5 39. Be3 Bxe3 40. Qxe3 d5 41. Rb1 dxe4 42. Rxb6 Nxb6 43. Qxb6 Rc8 44.
Kh2 Rc4 45. Qa6 Rc5 46. Qa8+ Kg7 47. Qxe4 Rd5 48. g3 h6 49. Qc4 h5 50. Qc3+
Kg8 51. Kg2 Rf5 52. Qc7 Kg7 53. Qe7 Kg8 54. Qd7 Kg7 55. Kf3 g5 56. Qd4+ Kg6
57. Qh8 gxf4 58. Qg8+ Kf6 59. g4 hxg4+ 60. hxg4 Rd5 61. Kxf4 Rd4+ 62. Kg3
Rd5 63. Kh4 Ke7 64. Qg7 Rb5 65. Qc3 Rd5 66. g5 Rf5 67. Kh5 f6 68. Qc7+ Ke8
69. Kg6 fxg5 70. Qd6 1-0

[Event "1st Masters"]
[Site "Malmo SWE"]
[Date "2003.07.28"]
[Round "1"]
[White "Berg,E"]
[Black "Johannessen,LE"]
[Result "1/2-1/2"]
[WhiteElo "2495"]
[BlackElo "2525"]
[EventDate "2003.07.28"]

1. e4 c5 2. Nf3 Nc6 3. d4 cxd4 4. Nxd4 Nf6 5. Nc3 e5 6. Ndb5 d6 7. Bg5 a6
8. Bxf6 gxf6 9. Na3 b5 10. Nd5 f5 11. g3 fxe4 12. Bg2 Be6 13. Bxe4 Bg7 14.
Qh5 Rc8 15. c3 Ne7 16. Rd1 Nxd5 17. Bxd5 Qd7 18. O-O Rc5 19. Bxe6 Qxe6 20.
Nc2 O-O 21. Rd2 f5 22. Rfd1 d5 23. Ne3 d4 24. cxd4 exd4 25. Nc2 Qxa2 26.
Nxd4 Qf7 27. Qxf7+ Kxf7 28. b4 Rd5 29. Nc6 Rxd2 30. Rxd2 Ke6 31. Nd8+ Ke7
32. Nc6+ Ke6 33. Nd8+ Ke7 34. Nb7 Bc3 35. Re2+ Kf7 36. Ra2 Bxb4 37. Rxa6
Be7 38. Rb6 b4 39. Na5 Rd8 40. Rb5 Ke6 41. Nc6 Rd5 42. Rb7 Bc5 43. Nxb4 Rd2
44. Kh1 h6 45. f3 Rd1+ 46. Kg2 Rd2+ 47. Kh1 Rd1+ 1/2-1/2

[Event "1st Masters"]
[Site "Malmo SWE"]
[Date "2003.07.28"]
[Round "1"]
[White "Ahlander,B"]
[Black "Brynell,S"]
[Result "1/2-1/2"]
[WhiteElo "2393"]
[BlackElo "2511"]
[EventDate "2003.07.28"]

1. d4 Nf6 2. c4 e6 3. Nc3 Bb4 4. e3 b6 5. Bd3 Bb7 6. Nf3 Ne4 7. O-O f5 8.
Bxe4 fxe4 9. Nd2 Bxc3 10. Qh5+ g6 11. Qe5 O-O 12. bxc3 Rf5 13. Qg3 Rg5 14.
Qf4 Rf5 15. Qg4 Rg5 16. Qf4 Rf5 1/2-1/2

[Event "1st Masters"]
[Site "Malmo SWE"]
[Date "2003.07.29"]
[Round "2"]
[White "Hellsten,J"]
[Black "Ahlander,B"]
[Result "1-0"]
[WhiteElo "2511"]
[BlackElo "2393"]
[EventDate "2003.07.28"]

1. d4 Nf6 2. c4 e6 3. Nc3 Bb4 4. e3 c5 5. Bd3 O-O 6. Nge2 d5 7. cxd5 cxd4
8. exd4 exd5 9. Bg5 Nc6 10. O-O Be7 11. h3 Re8 12. Re1 h6 13. Bh4 g5 14.
Bg3 Be6 15. Be5 Nxe5 16. dxe5 Nd7 17. Nd4 Bf8 18. Bc2 Bg7 19. Nf3 Nf8 20.
Qd4 h5 21. Rad1 g4 22. hxg4 hxg4 23. Nh2 Qg5 24. f4 gxf3 25. Nxf3 Qg3 26.
Ne2 Qg4 27. Nf4 Red8 28. Nxe6 Qxe6 29. Bb3 Rd7 30. Bxd5 Qh6 31. Qf2 Re8 32.
Bb3 Rxd1 33. Rxd1 Rc8 34. Nd4 Rc7 35. Nf5 Qg5 36. Nd6 Qxe5 37. Bxf7+ Kh7
38. Ne8 Rc6 39. Nxg7 Kxg7 40. Bd5 Rf6 41. Qxa7 Rd6 42. Qd4 Ng6 43. Qxe5+
Nxe5 44. Kf2 Kf6 45. a4 Rb6 46. b3 Rb4 47. Ke2 b6 48. Rf1+ Ke7 49. Rf5 Kd6
50. Rxe5 Kxe5 51. Bc4 Kd4 52. g4 1-0

[Event "1st Masters"]
[Site "Malmo SWE"]
[Date "2003.07.29"]
[Round "2"]
[White "Jakobsen,O"]
[Black "Berg,E"]
[Result "1/2-1/2"]
[WhiteElo "2381"]
[BlackElo "2495"]
[EventDate "2003.07.28"]

1. d4 Nf6 2. c4 e6 3. Nf3 b6 4. Nc3 Bb4 5. Bg5 h6 6. Bh4 g5 7. Bg3 Ne4 8.
Qc2 Bb7 9. Nd2 f5 10. e3 Bxc3 11. bxc3 d6 12. Nxe4 Bxe4 13. Qd2 Bb7 14. h4
Qf6 15. c5 bxc5 16. hxg5 hxg5 17. Rxh8+ Qxh8 18. dxc5 Na6 19. cxd6 O-O-O
20. Rb1 Nc5 21. Qd4 cxd6 22. Bxd6 Qxd4 23. cxd4 Rxd6 24. dxc5 Rc6 25. Rc1
Ba6 26. Be2 Bxe2 27. Kxe2 Ra6 28. Rc2 Ra3 29. Kf3 Kc7 30. Rd2 e5 31. Rd5
e4+ 32. Kg3 f4+ 33. Kg4 Rxa2 34. exf4 1/2-1/2

[Event "1st Masters"]
[Site "Malmo SWE"]
[Date "2003.07.30"]
[Round "3"]
[White "Johannessen,LE"]
[Black "Jakobsen,O"]
[Result "1-0"]
[WhiteElo "2525"]
[BlackElo "2381"]
[EventDate "2003.07.28"]

1. d4 d5 2. c4 e6 3. Nf3 Nf6 4. Nc3 Be7 5. Bg5 O-O 6. e3 Nbd7 7. Rc1 dxc4
8. Bxc4 a6 9. Bd3 c5 10. Ne5 cxd4 11. exd4 Nxe5 12. dxe5 Nd5 13. Bxe7 Qxe7
14. O-O Rd8 15. Qf3 Bd7 16. Ne4 Bc6 17. Qg3 h6 18. Bb1 Kh8 19. Nd6 f5 20.
exf6 gxf6 21. Ne4 Rg8 22. Qh4 Qg7 23. g3 Rad8 24. Nc5 Rd6 25. Rfe1 Re8 26.
f4 e5 27. fxe5 fxe5 28. Rcd1 Rf6 29. Be4 Ne7 30. Qh5 Rc8 31. b4 Bxe4 32.
Nxe4 Rf5 33. Qh3 Rc2 34. Rd7 Rf7 35. Qe6 Rc6 36. Qb3 Kh7 1-0

[Event "1st Masters"]
[Site "Malmo SWE"]
[Date "2003.07.30"]
[Round "3"]
[White "Ahlander,B"]
[Black "Tairi,F"]
[Result "1-0"]
[WhiteElo "2393"]
[BlackElo "2245"]
[EventDate "2003.07.28"]

1. d4 Nf6 2. c4 g6 3. Nc3 Bg7 4. e4 d6 5. Be2 O-O 6. Nf3 e5 7. O-O exd4 8.
Nxd4 Re8 9. f3 c6 10. Kh1 Nbd7 11. Bg5 h6 12. Be3 d5 13. cxd5 Nxd5 14. Nxd5
cxd5 15. Nb5 Nb6 16. Bf4 Be5 17. Bxe5 Rxe5 18. f4 Rxe4 19. Bd3 Re3 20. f5
a6 21. fxg6 fxg6 22. Qd2 Qg5 23. Nc7 Rb8 24. Bxg6 Re7 25. Qf2 Bd7 26. Qxb6
Bc6 27. Bd3 Rc8 28. Rf3 Rg7 29. Qf2 Qe7 30. Rf1 d4 31. Ne6 1-0

[Event "1st Masters"]
[Site "Malmo SWE"]
[Date "2003.07.31"]
[Round "4"]
[White "Tairi,F"]
[Black "Jakobsen,O"]
[Result "1/2-1/2"]
[WhiteElo "2245"]
[BlackElo "2381"]
[EventDate "2003.07.28"]

1. e4 d6 2. d4 g6 3. Nc3 c6 4. f4 Qb6 5. Bc4 Bg7 6. Nf3 Nh6 7. Bb3 Bg4 8.
Be3 d5 9. Qd2 Bxf3 10. gxf3 e6 11. f5 Ng8 12. O-O-O Nd7 13. Rhe1 O-O-O 14.
fxe6 fxe6 15. exd5 exd5 16. Bf4 Ngf6 17. Re6 Qa5 18. Rde1 Rde8 19. h3 Rxe6
20. Rxe6 Re8 21. Qe3 Rxe6 22. Qxe6 Qd8 23. Kd1 Bf8 24. h4 Qe7 25. Qh3 Kd8
26. Ne2 Nh5 27. Bg5 Ndf6 28. c3 Qd7 29. Qg2 Be7 30. Ng3 Qe6 31. Nxh5 Nxh5
32. Bc2 1/2-1/2

[Event "1st Masters"]
[Site "Malmo SWE"]
[Date "2003.07.31"]
[Round "4"]
[White "Ahlander,B"]
[Black "McShane,L"]
[Result "0-1"]
[WhiteElo "2393"]
[BlackElo "2619"]
[EventDate "2003.07.28"]

1. d4 Nf6 2. c4 g6 3. Nc3 Bg7 4. e4 d6 5. Nf3 O-O 6. Be2 e5 7. O-O Na6 8.
d5 Nh5 9. a3 Nf4 10. b4 f5 11. Ne1 g5 12. Nd3 g4 13. f3 Qh4 14. Bd2 Nxe2+
15. Qxe2 f4 16. fxg4 Bxg4 17. Qf2 Qh5 18. Ne1 c5 19. dxc6 bxc6 20. Rc1 Qf7
21. Nf3 Bf6 22. Qe2 Nc7 23. Nd1 Kh8 24. Bc3 Qg7 25. Kh1 Rae8 26. Nf2 Bh5
27. Rfd1 Rg8 28. Nd3 d5 29. cxd5 cxd5 30. Nde1 d4 31. Bb2 Ne6 32. Nd3 Ng5
33. Rg1 Re6 34. Nc5 Re7 35. Qf2 Bg4 36. Rce1 Bxf3 37. gxf3 Nh3 38. Qg2 Nxg1
39. Rxg1 Qxg2+ 40. Rxg2 Rxg2 41. Kxg2 Rc7 0-1

[Event "1st Masters"]
[Site "Malmo SWE"]
[Date "2003.07.31"]
[Round "4"]
[White "Brynell,S"]
[Black "Berg,E"]
[Result "1/2-1/2"]
[WhiteElo "2511"]
[BlackElo "2495"]
[EventDate "2003.07.28"]

1. e4 e6 2. d4 d5 3. Nd2 Nf6 4. e5 Nfd7 5. c3 c5 6. Bd3 Nc6 7. Ne2 cxd4 8.
cxd4 f6 9. exf6 Nxf6 10. O-O Bd6 11. Nf3 Qc7 12. Bg5 O-O 13. Bh4 Nh5 14.
Qc2 h6 15. Bh7+ Kh8 16. Bg6 Nf4 17. Nxf4 Bxf4 18. Bg3 Qd6 19. Rad1 Bd7 20.
Rfe1 Rac8 21. Qb1 Qb4 22. a3 Qb6 23. Qd3 Bxg3 24. hxg3 Rf6 25. Rd2 Rcf8 26.
Bh5 1/2-1/2

[Event "1st Masters"]
[Site "Malmo SWE"]
[Date "2003.08.01"]
[Round "5"]
[White "Berg,E"]
[Black "Hellsten,J"]
[Result "0-1"]
[WhiteElo "2495"]
[BlackElo "2511"]
[EventDate "2003.07.28"]

1. e4 c5 2. Nf3 e6 3. d4 cxd4 4. Nxd4 a6 5. Nc3 Qc7 6. Bd3 Bc5 7. Be3 Nf6
8. O-O d6 9. Kh1 Bd7 10. Qf3 Qb6 11. Nce2 e5 12. Nf5 Bxf5 13. Qxf5 Nbd7 14.
Qg5 Bxe3 15. fxe3 O-O 16. Rf3 d5 17. Ng3 dxe4 18. Bxe4 h6 19. Qh4 g5 20.
Qxh6 Nxe4 21. Qh5 Ndf6 22. Qh6 Qe6 23. Nf5 Ne8 24. Raf1 Qxh6 25. Nxh6+ Kh7
26. Nxf7 Kg7 27. Nxe5 N8f6 28. Rd1 Rad8 29. Rd4 Nd2 30. Rf5 Nfe4 31. Rxf8
Rxf8 32. Nf3 Nf2+ 33. Kg1 Nh3+ 34. Kh1 Nxf3 35. gxf3 Rxf3 36. Kg2 Rxe3 37.
Rd7+ Kf6 38. Rxb7 Nf4+ 39. Kf2 Re2+ 40. Kg3 Rxc2 41. h4 Ne2+ 42. Kh3 gxh4
43. Kxh4 Nd4 44. Kg3 Ke5 45. Re7+ Kd6 46. Ra7 Rc6 47. Kf4 Rb6 48. b3 Ne6+
49. Ke3 Nc7 50. Kd3 Kc6 51. Kc4 Rb8 0-1

[Event "1st Masters"]
[Site "Malmo SWE"]
[Date "2003.08.01"]
[Round "5"]
[White "Johannessen,LE"]
[Black "Brynell,S"]
[Result "1-0"]
[WhiteElo "2525"]
[BlackElo "2511"]
[EventDate "2003.07.28"]

1. Nf3 c5 2. e4 Nc6 3. d4 cxd4 4. Nxd4 Nf6 5. Nc3 d6 6. Bg5 e6 7. Qd2 a6 8.
O-O-O Bd7 9. f3 h6 10. Be3 b5 11. Nxc6 Bxc6 12. Kb1 Be7 13. Ne2 Rc8 14. Nd4
Bb7 15. g4 Nd7 16. h4 Ne5 17. Be2 Nc4 18. Bxc4 Rxc4 19. g5 h5 20. g6 Bxh4
21. b3 Rc8 22. e5 Be7 23. Qg2 Bd5 24. Nf5 f6 25. Nxg7+ Kd7 26. Rxd5 exd5
27. e6+ Kc7 28. Nf5 Qe8 29. Bd4 Kb8 30. f4 Rc7 31. g7 Rg8 32. Qxd5 Qg6 33.
Bb6 Bd8 34. Bxc7+ Bxc7 35. e7 Re8 36. Nxd6 Bxd6 37. Qxd6+ Kb7 38. Qd7+ Kb6
39. Qxe8 Qxe8 40. Rg1 Qg8 41. e8=Q 1-0

[Event "1st Masters"]
[Site "Malmo SWE"]
[Date "2003.08.02"]
[Round "6"]
[White "Brynell,S"]
[Black "Jakobsen,O"]
[Result "1/2-1/2"]
[WhiteElo "2511"]
[BlackElo "2381"]
[EventDate "2003.07.28"]

1. e4 d6 2. d4 g6 3. Nf3 Bg7 4. Bd3 Nc6 5. Be3 e5 6. c3 Nf6 7. h3 O-O 8.
Nbd2 Nh5 9. O-O h6 10. Re1 Re8 11. Bc4 Nf6 12. dxe5 Nxe5 13. Nxe5 dxe5 14.
Qb3 Qe7 15. a4 a5 16. Rad1 b6 17. Bb5 Bd7 18. Bxd7 Qxd7 19. Nc4 Qe6 20. f3
Red8 21. Qb5 Ne8 22. Na3 Bf8 23. Nc4 Nd6 24. Nxd6 Rxd6 25. Rd3 Rad8 26.
Red1 Rxd3 27. Rxd3 Rxd3 28. Qxd3 Qe7 29. Qd5 h5 30. g4 hxg4 31. hxg4 Qh4
32. Kg2 Qe1 33. Qd2 Qb1 34. Bf2 Bc5 35. Bxc5 bxc5 36. c4 Qa2 37. Qc2 g5 38.
Qd2 Kh7 39. Qxg5 Qxb2+ 40. Kg3 Qd4 41. Kh3 Qxc4 42. Qxe5 Qxa4 43. Qh5+ Kg7
44. Qg5+ Kh7 45. Qh5+ Kg7 46. Qe5+ Kh7 47. Qxc7 Qb3 48. Kg3 a4 49. Qxc5 a3
50. Qh5+ Kg8 51. Qg5+ Kh7 52. Qh5+ 1/2-1/2

[Event "1st Masters"]
[Site "Malmo SWE"]
[Date "2003.08.04"]
[Round "7"]
[White "Jakobsen,O"]
[Black "Hellsten,J"]
[Result "1-0"]
[WhiteElo "2381"]
[BlackElo "2511"]
[EventDate "2003.07.28"]

1. d4 d5 2. Nf3 Nf6 3. c4 c6 4. e3 Bg4 5. Nc3 e6 6. Qb3 Qb6 7. c5 Qc7 8.
Be2 Nbd7 9. Bd2 g6 10. Qd1 Bg7 11. b4 O-O 12. O-O Rfe8 13. Rc1 h5 14. h3
Bxf3 15. Bxf3 e5 16. dxe5 Nxe5 17. Be2 Rad8 18. Qb3 g5 19. Qc2 g4 20. Rcd1
gxh3 21. gxh3 Qc8 22. Kh2 Ng6 23. f4 d4 24. exd4 Rxd4 25. Bd3 Nh4 26. Ne2
Rdd8 27. Ng3 Kf8 28. Rf2 Qd7 29. Bc3 Re3 30. Bxf6 Bxf6 31. Be2 Qe6 32.
Rxd8+ Bxd8 33. Bxh5 Bc7 34. Qh7 Qf6 35. Bxf7 Bxf4 36. Qg8+ 1-0

[Event "1st Masters"]
[Site "Malmo SWE"]
[Date "2003.08.04"]
[Round "7"]
[White "Johannessen,LE"]
[Black "Ahlander,B"]
[Result "1/2-1/2"]
[WhiteElo "2525"]
[BlackElo "2393"]
[EventDate "2003.07.28"]

1. Nf3 Nf6 2. c4 e6 3. g3 b6 4. Bg2 Bb7 5. O-O Be7 6. Nc3 O-O 7. Re1 d5 8.
cxd5 exd5 9. d4 c5 10. b3 Nbd7 11. Bb2 Re8 12. e3 Bf8 13. Rc1 Ne4 14. Ne2
Ndf6 15. Nf4 a5 16. Ne5 a4 17. Nfd3 axb3 18. axb3 Nd7 19. Nxd7 Qxd7 20. f3
Ng5 21. dxc5 Ra2 22. b4 bxc5 23. bxc5 Ba6 24. Bd4 Bc4 25. g4 f6 26. Nf4 Qc8
27. h4 Ne6 28. Nxe6 Rxe6 29. Bf1 Bxf1 30. Rxf1 Rea6 31. Rc2 Qc7 32. f4 Qc8
33. Rff2 R2a3 34. Qf3 Kh8 35. Rg2 Qe6 36. f5 Qd7 37. g5 fxg5 38. hxg5 Kg8
39. Rh2 R6a4 40. Qf2 Qe7 41. Rg2 Qe4 42. g6 Rxd4 43. exd4 Rf3 44. Qd2 Rd3
45. Qe2 Qxd4+ 46. Qf2 Re3 47. Re2 Qa1+ 48. Qf1 Qd4 49. Qf2 Qa1+ 50. Qf1 Qd4
51. Qf2 1/2-1/2

[Event "1st Masters"]
[Site "Malmo SWE"]
[Date "2003.08.05"]
[Round "8"]
[White "Ahlander,B"]
[Black "Jakobsen,O"]
[Result "1/2-1/2"]
[WhiteElo "2393"]
[BlackElo "2381"]
[EventDate "2003.07.28"]

1. d4 d6 2. Nf3 g6 3. c4 Bg7 4. Nc3 Bg4 5. e3 Nd7 6. Be2 e5 7. O-O Ne7 8.
b3 O-O 9. Bb2 Nc6 10. Nxe5 dxe5 11. Bxg4 exd4 12. exd4 Nxd4 13. Nd5 c5 14.
Bxd4 cxd4 15. Bxd7 Qxd7 16. a4 Rfe8 17. Qf3 Rad8 18. Rfe1 a5 19. g3 h5 20.
h4 Re6 21. Kg2 Rde8 22. Rxe6 fxe6 23. Nf4 e5 24. Qd5+ Qxd5+ 25. Nxd5 e4 26.
Re1 Re5 27. Rd1 Re8 28. Re1 Re5 29. Rd1 1/2-1/2

[Event "1st Masters"]
[Site "Malmo SWE"]
[Date "2003.08.05"]
[Round "8"]
[White "McShane,L"]
[Black "Johannessen,LE"]
[Result "1/2-1/2"]
[WhiteElo "2619"]
[BlackElo "2525"]
[EventDate "2003.07.28"]

1. e4 c6 2. d4 d5 3. Nc3 dxe4 4. Nxe4 Bf5 5. Ng3 Bg6 6. h4 h6 7. Nf3 Nd7 8.
Bd3 Bxd3 9. Qxd3 e6 10. Bf4 Ngf6 11. O-O-O Be7 12. Kb1 O-O 13. Qe2 Qa5 14.
Ne5 Rad8 15. Rd3 Nxe5 16. dxe5 Nd5 17. Bd2 Qb5 18. Qg4 Kh8 19. Nh5 Rg8 20.
c4 Qa6 21. Rc1 Ne3 22. Qe4 Rxd3 23. Qxd3 Nf5 24. Bc3 Rd8 25. Qe4 b5 26. g4
Nxh4 27. f4 bxc4 28. f5 Bg5 29. Nf4 Ng2 30. Nxg2 Bxc1 31. Kxc1 Qxa2 32. Qe2
Rd3 33. Nf4 Qa1+ 34. Kc2 Qa4+ 35. Kc1 Qa1+ 1/2-1/2

[Event "1st Masters"]
[Site "Malmo SWE"]
[Date "2003.08.05"]
[Round "8"]
[White "Tairi,F"]
[Black "Brynell,S"]
[Result "0-1"]
[WhiteElo "2245"]
[BlackElo "2511"]
[EventDate "2003.07.28"]

1. e4 e6 2. d4 d5 3. Nd2 c5 4. Ngf3 a6 5. dxc5 Bxc5 6. Bd3 Nc6 7. a3 Nge7
8. O-O O-O 9. b4 Ba7 10. Bb2 Ng6 11. e5 Nf4 12. Nb3 Nxd3 13. cxd3 d4 14.
Rc1 f6 15. exf6 Qxf6 16. Qe2 e5 17. Nfd2 Bf5 18. Rce1 Qg6 19. Ne4 Rae8 20.
Nbc5 Bc8 21. Bc1 Bb8 22. Kh1 Kh8 23. Bd2 Ne7 24. Ng3 Nd5 25. Qh5 Qxh5 26.
Nxh5 b6 27. Ne4 Bd7 28. f3 Bb5 29. Nf2 Rc8 30. Rc1 Ne3 31. Bxe3 dxe3 32.
Ng4 e2 33. Rfe1 Bxd3 34. Ng3 e4 35. Nf2 Rxc1 36. Rxc1 Bf4 37. Ra1 Bd2 0-1

[Event "1st Masters"]
[Site "Malmo SWE"]
[Date "2003.08.06"]
[Round "9"]
[White "Berg,E"]
[Black "Tairi,F"]
[Result "1-0"]
[WhiteElo "2495"]
[BlackElo "2245"]
[EventDate "2003.07.28"]

1. e4 c5 2. b3 Nc6 3. Bb2 e5 4. Bb5 Nge7 5. Ne2 Ng6 6. Nbc3 Nd4 7. Nxd4
cxd4 8. Nd5 Bc5 9. b4 Bb6 10. O-O O-O 11. f4 exf4 12. Bd3 d6 13. Nxf4 Ne5
14. Qe1 a5 15. a3 Qg5 16. Qf2 Bd7 17. Nd5 Ba7 18. Qf4 Qxf4 19. Rxf4 a4 20.
Ne7+ Kh8 21. Nf5 g5 22. Rff1 Bxf5 23. Rxf5 f6 24. Raf1 Kg7 25. Bb5 d3+ 26.
Kh1 dxc2 27. d4 Ng4 28. R5f3 Rac8 29. Rc1 Rc7 30. Bxa4 Rfc8 31. h3 Nh6 32.
Rf2 Re7 33. Rfxc2 Rf8 34. Rc7 Rff7 35. Rxe7 Rxe7 36. Rc8 g4 37. Kh2 gxh3
38. Kxh3 Nf7 39. Bc2 Bb6 40. a4 Ng5+ 41. Kg3 Ne6 42. d5 Ng5 43. Kf4 Bf2 44.
Kf5 Rf7 45. Bd1 1-0

[Event "1st Masters"]
[Site "Malmo SWE"]
[Date "2003.08.06"]
[Round "9"]
[White "Brynell,S"]
[Black "Hellsten,J"]
[Result "1/2-1/2"]
[WhiteElo "2511"]
[BlackElo "2511"]
[EventDate "2003.07.28"]

1. e4 c5 2. Nf3 e6 3. c3 Nf6 4. e5 Nd5 5. d4 cxd4 6. cxd4 d6 7. Bc4 Nc6 8.
O-O Be7 9. exd6 Qxd6 10. Nc3 O-O 11. Qe2 a6 12. Rd1 b5 13. Bxd5 exd5 14.
Ne5 Be6 15. Bf4 1/2-1/2

[Event "1st Masters"]
[Site "Malmo SWE"]
[Date "2003.08.06"]
[Round "9"]
[White "Jakobsen,O"]
[Black "McShane,L"]
[Result "0-1"]
[WhiteElo "2381"]
[BlackElo "2619"]
[EventDate "2003.07.28"]

1. d4 Nf6 2. c4 g6 3. Nc3 d5 4. Nf3 Bg7 5. e3 O-O 6. Qb3 e6 7. Bd2 b6 8.
Be2 Bb7 9. cxd5 exd5 10. O-O Nbd7 11. Rfd1 Re8 12. a4 a5 13. Rac1 c6 14.
Ne1 Bf8 15. Nd3 Ba6 16. Nf4 Bb7 17. Nd3 Rc8 18. f4 Ba6 19. Ne5 Bxe2 20.
Nxe2 Nxe5 21. fxe5 Ne4 22. Be1 Bh6 23. Ng3 Ng5 24. Rc3 Ne6 25. Bf2 c5 26.
Qc2 Qd7 27. Ne2 Bf8 28. Qb3 c4 29. Qa2 Ng5 30. Rc2 f6 31. Bg3 Ne4 32. Nf4
g5 33. Ne2 Nxg3 34. Nxg3 fxe5 35. dxe5 Rxe5 36. Rxc4 Rxc4 37. Qxc4 dxc4 38.
Rxd7 Rxe3 39. Nh5 Re7 40. Rd5 h6 41. Rd2 Re6 42. Rc2 Rc6 43. Ng3 Kf7 44.
Ne4 Ke6 45. Kf2 Kd5 46. Kf3 Bb4 47. Rc1 Ke5 48. g4 Rc8 49. h3 Rf8+ 50. Ke3
Rf4 51. Rxc4 Bc5+ 52. Kd3 Rf3+ 53. Kc2 Bd4 54. Nd2 Rxh3 55. b4 axb4 56.
Rxb4 Rc3+ 57. Kd1 Kd5 58. Nb3 Bc5 59. Nxc5 bxc5 60. Rb6 Ra3 61. Ra6 Ke5 62.
a5 Kf4 63. Ra8 Kxg4 64. a6 h5 65. a7 Ra2 66. Ke1 h4 67. Kf1 h3 0-1